000 00964nas a2200313 4500
001 BR0805098
003 BR-BrBNA
005 20231205111910.0
007 ta
008 230509b bl.|||p| |||| 00| 00por d
040 _aBR-BrBNA
_bpor
_cBiblioteca Nacional de Agricultura
041 _a(Pt)
072 _aF30
100 1 _aCardoso, E.T.
100 1 _aSilva, P.R.F. da
100 1 _aArgenta, G.
100 1 _aGerhard, L.F.
100 1 _aForsthoffer, E.L.
100 1 _aSuhre, E.
100 1 _aStrider, M.
100 1 _aTeichmann, L.L.
245 1 _aEstabilidade e adaptabilidade de rendimento de raízes de genótipos de mandioca em duas regiões do Rio Grande do Sul
650 _aGENÓTIPO
650 _aMANDIOCA
650 _aRIO GRANDE DO SUL
773 0 _tRevista de Ciências Agroveterinárias (Brazil)
_xISSN 1679-9732
_g(Jan-Jun 2004), v. 3(1) p. 25-30
_wBR0805098
909 _a202311
_bLúcia
_c55
_dLúcia Elande
942 _2AGRIS
_n0
_cANA
999 _c195026
_d195026